| 000 | 01324cam a2200157 4500500 | ||
|---|---|---|---|
| 005 | 20260208005810.0 | ||
| 041 | _afre | ||
| 042 | _adc | ||
| 100 | 1 | 0 |
_aPhilipps, Lionel _eauthor |
| 245 | 0 | 0 | _aLe héros détrôné dans le Jonas de J. de Coras |
| 260 | _c2005. | ||
| 500 | _a81 | ||
| 520 | _aLe Jonas ou Ninive pénitente de Jacques de Coras témoigne d’un travail de détournement systématique de l’écriture épique classique, dont le progrès clair et réfléchi rend compte de l’affirmation d’une formule neuve et moderne, celle du Poème Sacré. Tout repose ainsi sur le déséquilibre orchestré entre la figure traditionnellement centrale du guerrier, peu à peu désacralisée du destinataire Turenne à Phul, roi de Ninive, et la figure, théoriquement secondaire, du prophète, exhaussée au statut héroïque. Mais Coras va plus loin qui, préférant Jonas à Élie ou Élysée également évoqués dans le récit, fait l’apologie de la prophétie non réalisée quoique efficace, de la parole demeurée parole et, par là même, rétablit la dignité de la poésie. | ||
| 786 | 0 | _nRevue d'histoire littéraire de la France | 105 | 1 | 2005-02-01 | p. 55-77 | 0035-2411 | |
| 856 | 4 | 1 | _uhttps://shs.cairn.info/revue-d-histoire-litteraire-de-la-france-2005-1-page-55?lang=fr&redirect-ssocas=7080 |
| 999 |
_c1653838 _d1653838 |
||